| 000 | 004940000a22001810004500 | ||
|---|---|---|---|
| 003 | MACL | ||
| 005 | 20151222122234.0 | ||
| 008 | 151222b xxu||||| |||| 00| 0 eng d | ||
| 040 |
_aMACL _cMACL |
||
| 041 | _aEnglish | ||
| 082 | _a294.55/BHA | ||
| 100 |
_aPrabhupada, A C Bhaktivedanta Swami _921794 |
||
| 245 |
_aSrimad Bhagavatam _bFirst Canto Creation |
||
| 260 |
_bThe Bhaktivedanta book Trust _c1978 _aAmerica |
||
| 350 | _a72 | ||
| 650 |
_aReligion _921795 |
||
| 942 |
_cBK _k294.55/BHA _2ddc |
||
| 999 |
_c40717 _d40717 |
||